Elements of land law (Record no. 103538)
[ view plain ]
| 000 -LEADER | |
|---|---|
| fixed length control field | 01218cam a2200265 4500 |
| 001 - CONTROL NUMBER | |
| control field | L125981 |
| 008 - FIXED-LENGTH DATA ELEMENTS--GENERAL INFORMATION | |
| fixed length control field | 040426n2005 000 0 eng u |
| 020 ## - INTERNATIONAL STANDARD BOOK NUMBER | |
| International Standard Book Number | 0406975779 |
| 035 ## - SYSTEM CONTROL NUMBER | |
| System control number | (Sirsi) u125981 |
| 041 ## - LANGUAGE CODE | |
| Language code of text/sound track or separate title | eng |
| 050 ## - LIBRARY OF CONGRESS CALL NUMBER | |
| Classification number | 346.41043 |
| -- | 18 |
| 100 ## - MAIN ENTRY--PERSONAL NAME | |
| Personal name | Gray, Kevin |
| 245 ## - TITLE STATEMENT | |
| Title | Elements of land law |
| 250 ## - EDITION STATEMENT | |
| Edition statement | 4th ed. |
| 260 ## - PUBLICATION, DISTRIBUTION, ETC. | |
| Place of publication, distribution, etc. | Oxford |
| Name of publisher, distributor, etc. | Oxford University Press |
| Date of publication, distribution, etc. | 2005 |
| 300 ## - PHYSICAL DESCRIPTION | |
| Extent | cxxxi, 1772p. |
| Dimensions | 25cm. |
| 350 ## - PRICE (NR) (BK AM CF MU VM SE) [OBSOLETE] | |
| Price | 29.95 |
| 520 ## - SUMMARY, ETC. | |
| Summary, etc. | Provides a reasoned and critical account of the fundamental principles or elements of the modern law of real property. The work has been restructured to reflect a vision of land law in which registration of title comprises the primary regime and in which the law of realty is increasingly infiltrated by environment law, human rights law and European law. It accommodates the new legal landscape created from 13 October 2003 by the enactment of the Land Registration Act 2002 and the introduction of the Land Registration Rules 2003. |
| 590 ## - LOCAL NOTE (RLIN) | |
| Local note | IKA190705 |
| 650 ## - SUBJECT ADDED ENTRY--TOPICAL TERM | |
| Topical term or geographic name entry element | LAND REGISTRATION ACT 2002 |
| 650 ## - SUBJECT ADDED ENTRY--TOPICAL TERM | |
| Topical term or geographic name entry element | LAND REGISTRATION RULES 2003 |
| 690 ## - LOCAL SUBJECT ADDED ENTRY--TOPICAL TERM (OCLC, RLIN) | |
| Topical term or geographic name as entry element | PROPERTY-PROPERTY ACQUISITION AND DISPOSAL |
| 700 ## - ADDED ENTRY--PERSONAL NAME | |
| Personal name | Gray, Susan Francis |
| 942 ## - ADDED ENTRY ELEMENTS (KOHA) | |
| Suppress in OPAC | 0 |
| Withdrawn status | Lost status | Source of classification or shelving scheme | Damaged status | Not for loan | Home library | Current library | Shelving location | Date acquired | Cost, normal purchase price | Total Checkouts | Full call number | Barcode | Date last seen | Date last checked out | Copy number | Cost, replacement price | Price effective from | Koha item type |
|---|---|---|---|---|---|---|---|---|---|---|---|---|---|---|---|---|---|---|
| Dewey Decimal Classification | London | London | Books | 16/06/2005 | 29.95 | 8 | 346.41043 GRA | 30070872 | 06/08/2019 | 19/05/2010 | 1 | 29.95 | 06/08/2019 | Book |